00457nmm a2200157Ia 4500008004100000020001800041041000800059100002000067245002900087264008000116300001600196650001200212856005100224942000700275999001700282251105s9999||||xx |||||||||||||||||und|| a9788467168471 aspa aCornick, Nicola 0aUna noche de escándalo a[Madrid, España] :bHarlequin, c[Fecha de publicación no identificada] a0 páginas aRomance uhttps://public.digitaliapublishing.com/a/92009 cCF c83530d83530